000 00965nam a2200205Ia 4500
001 20998
003 GE_BSU
008 181216s||||||||xx |||||||||||||| ||und||
040 _cGE_BSU
245 _aბუღალტრული აღრიცხვა : №5მაისი (245). 2017
245 _bსაქართველოს პროფესიონალ ბუღალტერთა და აუდიტორთა ფედერაცია.
245 _cმთავარი რედაქტორი ლავრენტი ჭუმბურიძე. გამოც.რედ:მანანა გველესიანი.
260 _aთბილისი
260 _c2017
300 _a72 გვ. ; 28 სმ.
653 _aბუღალტერია
653 _aბუღალტრული აღრიცხვა : №5მაისი (245). 2017
653 _aპერიოდიკა
942 _cCR
999 _c53947
_d53947